[Event "Klaipeda Spring op"]
[Site "Klaipeda"]
[Date "2024.04.13"]
[Round "5"]
[White "Chacatrian, Ruben"]
[Black "Scekaciov, Rostislav"]
[Result "1/2-1/2"]
[WhiteElo "1500"]
[BlackElo "1786"]
[PlyCount "90"]
[EventDate "2024.04.06"]
[EventType "swiss"]
[EventRounds "8"]
[EventCountry "LTU"]
[SourceTitle "CB19_2024"]
[SourceDate "2024.05.08"]
[SourceVersion "1"]
[SourceVersionDate "2024.05.08"]
[SourceQuality "1"]

1. d4 Nf6 2. Nf3 e6 3. c4 d5 4. Bg5 Be7 5. Nc3 0-0 6. e3 Nbd7 7. cxd5 Nxd5 8. Bxe7 Qxe7 9. Bd3 Nxc3 10. bxc3 c5 11. 0-0 cxd4 12. cxd4 Nf6 13. Rc1 b6 14. Qc2 Nd5 15. Bxh7+ Kh8 16. Be4 Ba6 17. Rfd1 Rac8 18. Qa4 Be2 19. Re1 Bxf3 20. Bxf3 Rc7 21. Bxd5 exd5 22. Rc2 Rfc8 23. Rec1 Rxc2 24. Rxc2 Rxc2 25. Qxc2 Qb4 26. g3 a5 27. Kf1 a4 28. Ke2 g6 29. Kd3 Qb5+ 30. Kd2 a3 31. Qd3 Qb2+ 32. Qc2 Qb5 33. Qd3 Qb2+ 34. Qc2 Qa1 35. Ke2 Kg7 36. h4 b5 37. Kd2 b4 38. f4 Qf1 39. Qb3 Qf2+ 40. Kd3 Qe1 41. g4 Qxh4 42. Qxb4 Qxg4 43. Qxa3 Qd1+ 44. Kc3 Qe2 45. Kb4 Qc4+ 1/2-1/2

[Event "Klaipeda Spring op"]
[Site "Klaipeda"]
[Date "2024.04.07"]
[Round "4"]
[White "Scekaciov, Rostislav"]
[Black "Burdin, Oleg"]
[Result "1/2-1/2"]
[WhiteElo "1786"]
[BlackElo "1601"]
[PlyCount "60"]
[EventDate "2024.04.06"]
[EventType "swiss"]
[EventRounds "8"]
[EventCountry "LTU"]
[SourceTitle "CB19_2024"]
[SourceDate "2024.05.08"]
[SourceVersion "1"]
[SourceVersionDate "2024.05.08"]
[SourceQuality "1"]

1. Nf3 d5 2. b3 c5 3. Bb2 Nc6 4. e3 e6 5. d4 Nf6 6. Nbd2 Be7 7. dxc5 Bxc5 8. Bb5 0-0 9. 0-0 Bd7 10. Qe2 Rc8 11. c4 a6 12. Bxc6 Bxc6 13. Ne5 Qe7 14. Rac1 Rfd8 15. Ndf3 Bb4 16. Nd4 a5 17. Nexc6 bxc6 18. cxd5 Rxd5 19. Nxc6 Qd7 20. Nxb4 Rxc1 21. Rxc1 axb4 22. Bxf6 gxf6 23. Qg4+ Kh8 24. h4 Rd2 25. h5 h6 26. Rc4 Rxa2 27. e4 Qd6 28. g3 Ra5 29. Qf3 Kh7 30. Qe3 Kh8 1/2-1/2

[Event "Klaipeda Spring op"]
[Site "Klaipeda"]
[Date "2024.04.06"]
[Round "2"]
[White "Scekaciov, Rostislav"]
[Black "Vaitkunas, Pijus"]
[Result "1-0"]
[WhiteElo "1786"]
[BlackElo "1501"]
[PlyCount "63"]
[EventDate "2024.04.06"]
[EventType "swiss"]
[EventRounds "8"]
[EventCountry "LTU"]
[SourceTitle "CB19_2024"]
[SourceDate "2024.05.08"]
[SourceVersion "1"]
[SourceVersionDate "2024.05.08"]
[SourceQuality "1"]

1. c4 Nf6 2. Nf3 e6 3. d3 Be7 4. g3 d5 5. cxd5 exd5 6. Bg2 c6 7. 0-0 0-0 8. Nc3 Bf5 9. Nd2 Qd7 10. e4 dxe4 11. dxe4 Bh3 12. e5 Ne8 13. Nf3 Qxd1 14. Rxd1 Bxg2 15. Kxg2 Nc7 16. Be3 Nba6 17. Rd7 Bb4 18. Ne4 b6 19. a3 Bc5 20. Bxc5 bxc5 21. Nxc5 Nxc5 22. Rxc7 Rfc8 23. Rxc8+ Rxc8 24. Rd1 h6 25. b4 Ne6 26. Rd7 Rc7 27. Rxc7 Nxc7 28. Nd4 Nb5 29. Nxb5 cxb5 30. Kf3 Kf8 31. Ke4 Ke7 32. Kd5 1-0

[Event "Klaipeda-ch sf"]
[Site "Klaipeda"]
[Date "2022.05.26"]
[Round "8"]
[White "Vaseris, Justas"]
[Black "Scekaciov, Rostislav"]
[Result "0-1"]
[WhiteElo "1059"]
[BlackElo "1826"]
[PlyCount "84"]
[EventDate "2022.05.03"]
[EventType "swiss"]
[EventRounds "8"]
[EventCountry "LTU"]
[SourceTitle "EXT 2023"]
[Source "ChessBase"]
[SourceDate "2022.10.05"]
[SourceVersion "1"]
[SourceVersionDate "2022.10.05"]
[SourceQuality "1"]

1. e4 c5 2. Nf3 d6 3. Be2 Nc6 4. 0-0 Nf6 5. d3 g6 6. Bg5 Bg7 7. Nbd2 0-0 8. c3 e5 9. Nc4 b5 10. Ne3 Be6 11. d4 cxd4 12. cxd4 exd4 13. Nxd4 Nxd4 14. Qxd4 Qb6 15. Qxb6 axb6 16. Bxb5 Nxe4 17. Be7 Rfc8 18. Rfc1 Bxb2 19. Rxc8+ Rxc8 20. Rd1 Nc3 21. Ba6 Ra8 22. Rd2 Bc1 23. Rc2 Nxa2 24. Bc4 Bxe3 25. fxe3 Nb4 26. Rb2 d5 27. Bxb4 dxc4 28. Bc3 Rb8 29. Be5 Rb7 30. Rb5 Bd7 31. Rb4 b5 32. Kf2 Kf8 33. Ke2 Ke7 34. Kd2 Ke6 35. Bd4 Kd5 36. Bf6 Ra7 37. h4 Ke4 38. Ke2 Ra6 39. Bd4 Kf5 40. Kf3 Bc6+ 41. Kg3 Ke4 42. Rb2 Kd3 0-1

[Event "Klaipeda-ch"]
[Site "Klaipeda"]
[Date "2022.02.05"]
[Round "7"]
[White "Scekaciov, Rostislav"]
[Black "Fedorov, Artem"]
[Result "1-0"]
[WhiteElo "1726"]
[BlackElo "1223"]
[PlyCount "79"]
[EventDate "2022.01.15"]
[EventType "tourn"]
[EventRounds "11"]
[EventCountry "LTU"]
[SourceTitle "EXT 2023"]
[Source "ChessBase"]
[SourceDate "2022.10.05"]
[SourceVersion "1"]
[SourceVersionDate "2022.10.05"]
[SourceQuality "1"]

1. Nf3 d5 2. d4 Nf6 3. c4 c6 4. Nc3 e6 5. e3 Nbd7 6. b3 Bb4 7. Qc2 Ne4 8. Bd2 Nxd2 9. Nxd2 Bxc3 10. Qxc3 Nf6 11. Bd3 0-0 12. 0-0 Re8 13. Nf3 Nd7 14. e4 dxe4 15. Bxe4 Qc7 16. Rad1 Qf4 17. Rfe1 Nf6 18. Bb1 b6 19. Ne5 Ng4 20. Nxg4 Qxg4 21. h3 Qg5 22. Re3 Bb7 23. Rg3 Qf6 24. Qd3 g6 25. Qe4 Rad8 26. Rf3 Qe7 27. Rfd3 c5 28. Qe5 f6 29. Qe3 Kf7 30. dxc5 bxc5 31. Qd2 Rxd3 32. Qxd3 Kg7 33. Qd2 e5 34. f3 Bc6 35. Be4 Bxe4 36. fxe4 Kg8 37. Qd5+ Kg7 38. Kf2 Kh6 39. Qc6 Kg7 40. Rd7 1-0

[Event "LTU-ch U16 Rapid"]
[Site "Vilnius"]
[Date "2021.09.18"]
[Round "4"]
[White "Scekaciov, Rostislav"]
[Black "Leclere, Daniel"]
[Result "1/2-1/2"]
[WhiteElo "1744"]
[BlackElo "1793"]
[PlyCount "130"]
[EventDate "2021.09.18"]
[EventType "swiss (rapid)"]
[EventRounds "8"]
[EventCountry "LTU"]
[SourceTitle "EXT 2023"]
[Source "ChessBase"]
[SourceDate "2022.10.05"]
[SourceVersion "1"]
[SourceVersionDate "2022.10.05"]
[SourceQuality "1"]

1. Nf3 d5 2. g3 g6 3. Bg2 Bg7 4. d4 Nf6 5. 0-0 0-0 6. c4 c6 7. Nc3 Nbd7 8. cxd5 cxd5 9. Qb3 Nb6 10. Ne5 e6 11. Bd2 Nfd7 12. Nf3 Nf6 13. Rac1 Bd7 14. Nb5 Bc6 15. Ne5 a6 16. Nxc6 bxc6 17. Na3 Qc7 18. Ba5 Rab8 19. Nc2 Qb7 20. Bxb6 Qxb6 21. Qxb6 Rxb6 22. b3 Nd7 23. e3 a5 24. Rfd1 f5 25. Ne1 g5 26. Nd3 Kf7 27. Rc2 Rc8 28. Rdc1 Bf8 29. Bf1 Kf6 30. Kg2 Ba3 31. Rd1 c5 32. dxc5 Rbc6 33. Rdd2 Nxc5 34. Nxc5 Rxc5 35. Bd3 Bb4 36. Rxc5 Rxc5 37. Rc2 Bc3 38. f4 g4 39. Kf1 Ke7 40. Ke2 Kd6 41. a4 Rc8 42. Bb5 Rc5 43. Kd3 d4 44. Rc1 dxe3 45. Ke2 Kd5 46. Bc4+ Kd4 47. Bxe6 h5 48. Bc4 Bd2 49. Rc2 Rc6 50. Kd1 Rd6 51. Ke2 h4 52. Bd3 hxg3 53. hxg3 Rh6 54. Rc4+ Kd5 55. Bxf5 Rh2+ 56. Kd3 Rh3 57. Bxg4 Rxg3 58. Be2 Rg7 59. Rd4+ Kc5 60. Rc4+ Kb6 61. Ke4 Re7+ 62. Kd5 Rg7 63. Ke4 Re7+ 64. Kd5 Rd7+ 65. Ke4 Re7+ 1/2-1/2

[Event "Klaipeda Rumiancev Memorial-A"]
[Site "Klaipeda"]
[Date "2021.07.19"]
[Round "1"]
[White "Pidluznij, Gleb"]
[Black "Scekaciov, Rostislav"]
[Result "1-0"]
[WhiteElo "2017"]
[BlackElo "1644"]
[PlyCount "89"]
[EventDate "2021.07.19"]
[EventType "swiss"]
[EventRounds "7"]
[EventCountry "LTU"]
[SourceTitle "EXT 2022"]
[Source "ChessBase"]
[SourceDate "2021.10.06"]
[SourceVersion "1"]
[SourceVersionDate "2021.10.06"]
[SourceQuality "1"]

1. d4 Nf6 2. Bg5 e6 3. e4 c5 4. d5 h6 5. Bxf6 Qxf6 6. Nc3 d6 7. Bb5+ Nd7 8. dxe6 fxe6 9. Nf3 a6 10. e5 Qe7 11. exd6 Qxd6 12. Bd3 Be7 13. Bg6+ Kd8 14. Qxd6 Bxd6 15. 0-0-0 Kc7 16. Rhe1 Nf6 17. Bf7 Rf8 18. Bxe6 Bxe6 19. Rxe6 Rad8 20. a4 Bf4+ 21. Kb1 Rxd1+ 22. Nxd1 Re8 23. Rxe8 Nxe8 24. g3 Bd6 25. Ne3 Nf6 26. Nf5 Ng4 27. Nxg7 Nxf2 28. Nf5 Ng4 29. h3 Nf6 30. g4 Bf4 31. Nxh6 Bxh6 32. g5 Bxg5 33. Nxg5 Kd6 34. Ka2 b5 35. a5 Kd5 36. Kb3 Kc6 37. h4 Kd5 38. Nh3 Ke4 39. c4 b4 40. Ng5+ Kd3 41. h5 Nxh5 42. Ne6 Nf6 43. Nxc5+ Kd4 44. Nxa6 Ne4 45. Kxb4 1-0

[Event "Klaipeda Rooks Cup"]
[Site "Klaipeda"]
[Date "2020.10.04"]
[Round "9"]
[White "Piksrys, Rutenis"]
[Black "Scekaciov, Rostislav"]
[Result "0-1"]
[WhiteElo "1548"]
[BlackElo "1528"]
[PlyCount "76"]
[EventDate "2020.09.20"]
[EventType "swiss"]
[EventRounds "9"]
[EventCountry "LTU"]
[SourceTitle "CBM 198 Extra"]
[Source "ChessBase"]
[SourceDate "2020.11.30"]
[SourceVersion "1"]
[SourceVersionDate "2020.11.30"]
[SourceQuality "1"]

1. Nf3 Nf6 2. g3 g6 3. Bg2 Bg7 4. 0-0 0-0 5. d3 d5 6. Nbd2 c5 7. e4 e6 8. Re1 Nc6 9. c3 Re8 10. Qe2 b6 11. e5 Nd7 12. d4 cxd4 13. cxd4 Nb4 14. Nf1 Ba6 15. Qd1 Nd3 16. Re3 Nxc1 17. Rxc1 Bh6 18. h4 Bxe3 19. Nxe3 Rc8 20. Ng4 Qe7 21. Rxc8 Rxc8 22. Qd2 Bc4 23. Ng5 Kg7 24. b3 Ba6 25. h5 Qa3 26. Nxe6+ fxe6 27. Qh6+ Kg8 28. hxg6 Qc1+ 29. Kh2 Qxh6+ 30. Nxh6+ Kg7 31. Nf7 hxg6 32. Ng5 Nf8 33. Bh3 Rc2 34. Nxe6+ Nxe6 35. Bxe6 Rxf2+ 36. Kg1 Rxa2 37. Bxd5 Rd2 38. e6 Kf6 0-1

[Event "Klaipeda Sea op-A 17th"]
[Site "Klaipeda"]
[Date "2020.07.25"]
[Round "6"]
[White "Bazilius, Augustinas"]
[Black "Scekaciov, Rostislav"]
[Result "1-0"]
[WhiteElo "1675"]
[BlackElo "1458"]
[PlyCount "87"]
[EventDate "2020.07.20"]
[EventType "swiss"]
[EventRounds "7"]
[EventCountry "LTU"]
[SourceTitle "CBM 197 Extra"]
[Source "ChessBase"]
[SourceDate "2020.09.30"]
[SourceVersion "1"]
[SourceVersionDate "2020.09.30"]
[SourceQuality "1"]

1. Nf3 Nf6 2. g3 g6 3. Bg2 Bg7 4. d4 0-0 5. 0-0 d5 6. c4 c6 7. cxd5 cxd5 8. Ne5 Nbd7 9. Nc3 e6 10. Nxd7 Nxd7 11. b3 Re8 12. Ba3 Bf8 13. Bxf8 Kxf8 14. Qd2 Kg7 15. Rac1 Nb6 16. Nb5 Re7 17. Qa5 a6 18. Nc7 Rxc7 19. Qxb6 Rd7 20. Qxd8 Rxd8 21. Rc7 Rb8 22. Rfc1 Bd7 23. e4 Bc6 24. exd5 exd5 25. Re1 Re8 26. Rce7 Rxe7 27. Rxe7 Re8 28. Rxe8 Bxe8 29. Bxd5 b6 30. Kg2 f5 31. Kf3 Kf6 32. Ke3 Ke7 33. Bg8 h6 34. d5 Kd6 35. Kd4 Bd7 36. f4 Be8 37. h4 a5 38. a3 b5 39. b4 axb4 40. axb4 g5 41. hxg5 hxg5 42. fxg5 Bg6 43. Be6 Bh7 44. Bf7 1-0

[Event "Klaipeda Sea op-B 17th"]
[Site "Klaipeda"]
[Date "2020.07.23"]
[Round "5"]
[White "Andrijauskas, Domas"]
[Black "Scekaciov, Rostislav"]
[Result "0-1"]
[WhiteElo "1293"]
[BlackElo "1458"]
[PlyCount "106"]
[EventDate "2020.07.21"]
[EventType "swiss"]
[EventRounds "7"]
[EventCountry "LTU"]
[SourceTitle "CBM 197 Extra"]
[Source "ChessBase"]
[SourceDate "2020.09.30"]
[SourceVersion "1"]
[SourceVersionDate "2020.09.30"]
[SourceQuality "1"]

1. e4 c6 2. Nf3 d5 3. exd5 cxd5 4. d4 Bf5 5. Bb5+ Bd7 6. Bxd7+ Nxd7 7. 0-0 Ngf6 8. Bf4 e6 9. Nbd2 Be7 10. Re1 0-0 11. c3 Rc8 12. h3 h6 13. Qb3 Qb6 14. Ne5 Qxb3 15. Nxb3 Nxe5 16. Bxe5 Ne4 17. f3 Nd6 18. Nd2 Nc4 19. Nxc4 Rxc4 20. Rac1 Rfc8 21. Bh2 b5 22. Rc2 Rxd4 23. Kf1 Rdc4 24. Rec1 Bf6 25. Ke2 d4 26. Kd3 dxc3 27. bxc3 b4 28. cxb4 Rd4+ 29. Ke2 Rxc2+ 30. Rxc2 Rxb4 31. Rc8+ Kh7 32. a3 Rb2+ 33. Kf1 Bd4 34. Bg3 Rb1+ 35. Ke2 Rg1 36. Kd3 Rxg2 37. Bb8 Bb6 38. Bc7 Bxc7 39. Rxc7 Kg6 40. Rxa7 Rg3 41. Ke3 Rxh3 42. a4 Rh1 43. a5 Ra1 44. a6 Ra4 45. Ra8 Kf5 46. a7 g5 47. Kf2 h5 48. Kg3 h4+ 49. Kh3 f6 50. Kh2 e5 51. Kh3 Ra2 52. f4 exf4 53. Rb8 g4+ 0-1

[Event "Klaipeda Sea op-A 17th"]
[Site "Klaipeda"]
[Date "2020.07.21"]
[Round "2"]
[White "Pidluznij, Gleb"]
[Black "Scekaciov, Rostislav"]
[Result "1-0"]
[WhiteElo "2042"]
[BlackElo "1458"]
[PlyCount "73"]
[EventDate "2020.07.20"]
[EventType "swiss"]
[EventRounds "7"]
[EventCountry "LTU"]
[SourceTitle "CBM 197 Extra"]
[Source "ChessBase"]
[SourceDate "2020.09.30"]
[SourceVersion "1"]
[SourceVersionDate "2020.09.30"]
[SourceQuality "1"]

1. e4 c6 2. d4 d5 3. e5 Bf5 4. Nd2 e6 5. Nb3 Nd7 6. Nf3 Rc8 7. a4 a6 8. c4 dxc4 9. Bxc4 Bb4+ 10. Bd2 Bxd2+ 11. Qxd2 Ne7 12. Nc5 Nxc5 13. dxc5 Qxd2+ 14. Kxd2 0-0 15. Ke3 Nd5+ 16. Bxd5 exd5 17. Nd4 Be4 18. f3 Bg6 19. Ra3 Rfe8 20. Kf4 Rc7 21. Rb3 Rce7 22. Re1 h6 23. h4 Bh7 24. Rbe3 Kh8 25. g4 Rg8 26. h5 g5+ 27. hxg6 Bxg6 28. Rh1 Kg7 29. Re2 Rh8 30. Kg3 Rd7 31. f4 Be4 32. Rh4 Kg6 33. f5+ Kg7 34. Kf4 f6 35. Reh2 Re7 36. exf6+ Kxf6 37. Rxh6+ 1-0

[Event "Klaipeda Sea op-B 17th"]
[Site "Klaipeda"]
[Date "2020.07.21"]
[Round "2"]
[White "Spevak, Dovydas"]
[Black "Scekaciov, Rostislav"]
[Result "0-1"]
[WhiteElo "1153"]
[BlackElo "1458"]
[PlyCount "118"]
[EventDate "2020.07.21"]
[EventType "swiss"]
[EventRounds "7"]
[EventCountry "LTU"]
[SourceTitle "CBM 197 Extra"]
[Source "ChessBase"]
[SourceDate "2020.09.30"]
[SourceVersion "1"]
[SourceVersionDate "2020.09.30"]
[SourceQuality "1"]

1. d4 Nf6 2. e3 e6 3. Bd3 c5 4. c3 d5 5. Nd2 Nc6 6. f4 cxd4 7. exd4 Bd6 8. Ndf3 b6 9. Ne5 Bb7 10. Ngf3 Rc8 11. Bb5 0-0 12. Qa4 Qc7 13. 0-0 Ne4 14. Bd3 f5 15. Qd1 a6 16. Nxc6 Qxc6 17. Ne5 Qc7 18. Qh5 b5 19. Rf3 g6 20. Nxg6 hxg6 21. Qxg6+ Qg7 22. Qxe6+ Qf7 23. Qh6 Qg7 24. Qe6+ Qf7 25. Qh6 Qf6 26. Qh5 Rf7 27. Bxe4 dxe4 28. Rg3+ Rg7 29. Rxg7+ Kxg7 30. Be3 Rh8 31. Qe2 Bd5 32. a4 Bc4 33. Qd2 Qh4 34. h3 Qg3 35. Kh1 Rh4 36. Bf2 Qxf4 37. Qxf4 Rxf4 38. Bg3 Rf1+ 39. Rxf1 Bxg3 40. Rxf5 Kg6 41. Rf8 e3 42. Re8 e2 43. axb5 Bxb5 44. Re7 e1Q+ 45. Rxe1 Bxe1 46. Kh2 Kf5 47. g3 Ke4 48. h4 Kf3 49. h5 Bxg3+ 50. Kh1 Bf4 51. d5 Be8 52. h6 Bxh6 53. d6 Bf4 54. c4 Bxd6 55. b3 Ke3 56. Kg2 Kd3 57. c5 Bxc5 58. b4 Bxb4 59. Kh2 a5 0-1

[Event "Klaipeda-ch"]
[Site "Klaipeda"]
[Date "2020.03.07"]
[Round "8"]
[White "Scekaciov, Rostislav"]
[Black "Borisovaite, Ana"]
[Result "1-0"]
[WhiteElo "1576"]
[BlackElo "1375"]
[PlyCount "87"]
[EventDate "2020.01.19"]
[EventType "tourn"]
[EventRounds "11"]
[EventCountry "LTU"]
[SourceTitle "CBM 195 Extra"]
[Source "ChessBase"]
[SourceDate "2020.05.31"]
[SourceVersion "1"]
[SourceVersionDate "2020.05.31"]
[SourceQuality "1"]

1. e4 e5 2. Nf3 Nc6 3. Bb5 a6 4. Ba4 Nf6 5. 0-0 b5 6. Bb3 Bc5 7. d3 0-0 8. Bg5 Be7 9. c3 Bb7 10. Re1 d6 11. Nbd2 Nd7 12. Be3 Bf6 13. Nf1 Na5 14. Bc2 d5 15. Ng3 Re8 16. Nf5 dxe4 17. dxe4 Nc4 18. Bc1 Nc5 19. Qe2 Qc8 20. g4 Qe6 21. h4 Nd6 22. Bg5 Ndxe4 23. Qe3 Qc6 24. b4 Bxg5 25. hxg5 Nxc3 26. Qxc3 Nd7 27. Qxc6 Bxc6 28. Be4 Bxe4 29. Rxe4 Re6 30. Rd1 Nb6 31. Rxe5 Rxe5 32. Nxe5 Re8 33. Nc6 Kf8 34. Kg2 Nc4 35. Rd7 Ne5 36. Nxe5 Rxe5 37. Rxc7 Re4 38. Rc8+ Re8 39. Rxe8+ Kxe8 40. Nxg7+ Ke7 41. Nf5+ Ke6 42. Kf3 f6 43. gxf6 Kxf6 44. Kf4 1-0